| 000 | 00567nam a22002057a 4500 | ||
|---|---|---|---|
| 003 | DEla salle | ||
| 005 | 20140310181734.0 | ||
| 008 | 130319t xxu||||| |||| 00| 0 eng d | ||
| 020 | _a0679757651 | ||
| 050 |
_aHD 53 _b.P47 1999 |
||
| 082 |
_aTR 658 _bP44 1999 |
||
| 245 |
_aThe circle of innovation _byou can't shrink your way to greatness _cTom Peters |
||
| 250 | _a1st Vintage ed. | ||
| 260 |
_aNew York _bVintage Books _c1999 |
||
| 300 |
_axxi, 518 p. _bill. _c21 cm. |
||
| 521 | _aFaculty. | ||
| 541 | _j1 | ||
| 562 | _e1 | ||
| 942 |
_2lcc _cBK-TR _kTR |
||
| 999 |
_c2495 _d2495 |
||